[Event "Buenos Aires Bolivar op 4th"]
[Site "Buenos Aires"]
[Date "2011.06.17"]
[Round "5"]
[White "Torella, Rodolfo"]
[Black "Madeo, Guillermo Oscar"]
[Result "1-0"]
[WhiteElo "1984"]
[BlackElo "1658"]
[PlyCount "21"]
[EventDate "2011.06.13"]
[EventType "swiss"]
[EventRounds "9"]
[EventCountry "ARG"]
[SourceTitle "EXT 2014"]
[Source "ChessBase"]
[SourceDate "2013.11.20"]
[SourceVersion "1"]
[SourceVersionDate "2013.11.20"]
[SourceQuality "1"]

1. e4 e6 2. d4 d5 3. Nc3 c5 4. exd5 exd5 5. dxc5 Qe7+ 6. Be3 Nf6 7. Nxd5 Nxd5 8. Qxd5 Be6 9. Bb5+ Nd7 10. Qxb7 Qd8 11. c6 1-0